à quel animé appartient ce personnage ? (avec images) 2 - Statistiques

Statistiques générales
  • Ce quiz a été pris 1 658 fois
  • Le résultat moyen est 14 sur 20
Statistiques - réponses
Par images Réponse % Correct
Bleach
96%
Death Note
95%
Fairy Tail
94%
One punch man
89%
Blue Lock
87%
Parasyte
87%
Black Clover
86%
Fire Force
85%
Code Geass
77%
Gambling school
74%
Nana
70%
Re:zero
68%
No game no life
65%
Blue Exorcist
58%
Erased
57%
Made in Abyss
55%
Charlotte
46%
Horimiya
44%
Saiki Kusuo no psi-nan
42%
Angel Beats
38%
Aucun quiz correspondant
Distribution des résultats
% des personnes avec chaque résultat
Percentile par nombre de réponses
Votre historique - résultats
Vous n’avez pas pris ce quiz